000 00685nam a2200181Ia 4500
008 100921s9999 xx 000 0 und d
082 _b42642
_a891.463 न 07
100 _aब्रँट एमिली,अनु,हातेकर नीलम.
245 _aवुदरिंग हाईटस्र.
260 _bश्रीमंगेश प्रकाशन, नागपूर.
_c2007
300 _a330
_b---
365 _b150
520 _aललित-कादंबरी.
630 _aवुदरिंग हाईटस्र.
650 _aललित-कादंबरी.
730 _aवुदरिंग हाईटस्र.
942 _cBOOK
999 _c791755
_d791752